00876nam a2200217Ia 4500008004100000020001800041050002500059100002600084245013100110260003200241300001800273500009600291650002800387650002500415650001400440650002700454700003400481942001200515952011400527999001700641120626s9999 xx 000 0 und d a84-415-0970-004aQA76.76 H94 O75 19991 aORIHUELA, José Luis10aIntroducción al diseño digital: concepción y desarrollo de proyectos de comunicación interactivacJosé Luis Orihuela aEspaña bAnaya Multimedia a256 páginas aContiene: Dedicatoria Índice de contenido general Bibliografía Índice analítico17aSISTEMAS DE HIPERTEXTO 17aSISTEMAS MULTIMEDIA 17a INTERNET17aPÁGINAS WEB-DISEÑO1 aSANTOS, María Luisa, coaut. 2ddccLB 00104070a07b07d2011-03-09l5oQA76.76 H94 O75 1999p07 001910r2015-03-23s2015-03-20t1w2012-06-26yLB c66545d66545